[Event "SA Championship"]
[Site "Adelaide"]
[Date "2006.03.28"]
[Round "7.5"]
[White "Guthrie, Aaron"]
[Black "Obst, James"]
[Result "0-1"]
[Annotator "Fritz 9"]
[BlackElo "2054"]
[EventCountry "AUS"]
[EventDate "2006.02.14"]
[EventRounds "9"]
[EventType "tourn"]
[PlyCount "70"]
[WhiteElo "2120"]

{ B40: Sicilian: 2...e6, Unusual lines } 1. e4 c5 2. Nf3 e6 3. d4 cxd4 4. Nxd4
Qb6 5. Nb3 d6 6. Nc3 a6 $146 ( 6... Nc6 7. Bf4 Ne5 8. Be3 Qc7 9. f4 Nc6 10. Qd2
Nf6 11. Be2 Be7 12. g4 a6 13. g5 Nd7 14. O-O-O b5 15. a3 Rb8 16. Kb1 b4 17.
axb4 Nxb4 18. Nb5 Qxc2+ 19. Qxc2 Nxc2 20. Nc7+ Kd8 21. Nxe6+ { Medvegy,Z  (
2456 ) -Dobosz,H  ( 2453 ) /Austria 2004/CBM 103 ext/1/2-1/2  ( 90 )}  )7. g3 (
7. Be2 Nf6 $16 )7... Nf6 { Black is behind in developement}  8. Bg2 Be7 9. O-O
O-O 10. Be3 { White threatens to win material: Be3xb6}  10... Qc7 11. a4 Nc6
12. a5 { Black has a cramped position}  12... Nd7 13. f4 Nc5 14. Nxc5 dxc5 15.
e5 { White gets more space}  15... Nxa5 16. Be4 Nc6 17. Qh5 { White prepares
f5. White has a mate threat}  ( 17. Nb5 Qb6 18. Nd6 Nd4 $14 )17... g6 $11 {
Black threatens to win material: g6xh5}  18. Qh6 { Black has a cramped
position}  18... Nd4 19. f5 $2 ( 19. Bd3 $11 $142 { would keep White in the
game} )19... Qxe5 $17 20. f6 $2 ( 20. fxe6 $142 fxe6 21. Rxf8+ Bxf8 22. Qf4
Qxf4 23. Bxf4 $17 ( 23. gxf4 $2 Rb8 $19 ))20... Bxf6 $19 21. Rxf6 ( 21. Bf4
Ne2+ 22. Kh1 Nxf4 23. gxf4 Qc7 $19 )21... Qxf6 22. Bg5 ( 22. Rf1 { is not much
help}  22... Qg7 23. Qh4 f5 $19 )22... Qg7 23. Qh4 Nf5 24. Bxf5 Qd4+ ( 24...
gxf5 $6 25. Rd1 f6 26. Bh6 $19 )( 24... exf5 $6 25. Bf6 g5 26. Bxg7 gxh4 27.
Bxf8 Kxf8 28. Na4 $19 )25. Kh1 ( 25. Qxd4 { doesn't change anything anymore} 
25... cxd4 26. Na4 exf5 $19 ( 26... gxf5 $6 27. Nb6 f6 28. Bf4 $19 ))25... Qxh4
26. gxh4 exf5 ( { Inferior is } 26... gxf5 27. Bh6 f6 28. Na4 $19 )27. Bf6 (
27. Be7 { cannot change what is in store for ?}  27... Bd7 28. Bxf8 Bc6+ 29.
Kg1 Kxf8 $19 )27... Bd7 28. h3 ( 28. Kg1 { does not improve anything}  28...
Bc6 $19 )28... Bc6+ 29. Kh2 h5 30. Ne2 ( 30. Kg3 { cannot undo what has already
been done}  30... Rfe8 31. Bg5 f6 32. Bxf6 Re3+ 33. Kh2 Rae8 $19 )30... Rfe8
31. Nf4 Re4 32. Nd3 ( 32. Rf1 { a fruitless try to alter the course of the
game}  32... Rae8 $19 )32... Re2+ 33. Kg3 Rae8 34. Nxc5 ( 34. Kf4 { does not
solve anything}  34... R8e6 35. Bc3 f6 36. Bxf6 Rxf6 $19 )34... R8e3+ ( 34...
f4+ 35. Kxf4 Rf2+ 36. Kg3 Ree2 37. Rf1 Rxf1 38. Ne4 Bxe4 39. c4 Rg2# )35. Kf4
$19 Rf3+ ( 35... Rf3+ 36. Kg5 Kh7 $19 )( 35... b6 36. Nb3 g5+ 37. Kxg5 Rg2+ 38.
Kf4 Re4+ 39. Kxf5 Rf2+ 40. Kg5 Re6 41. Rg1 Rexf6 42. Kxh5+ Kh7 43. Rg8 R6f5+
44. Kg4 Bd7 45. Rh8+ Kxh8 46. h5 Rg2+ 47. Kh4 Rf4# ) 0-1

[Event "SA Championship"]
[Site "Adelaide"]
[Date "2006.04.04"]
[Round "8.1"]
[White "Goldsmith, Alan D"]
[Black "Obst, James"]
[Result "0-1"]
[Annotator "Fritz 9"]
[BlackElo "2054"]
[EventCountry "AUS"]
[EventDate "2006.02.14"]
[EventRounds "9"]
[EventType "tourn"]
[PlyCount "102"]
[WhiteElo "2059"]

{ A40: Unusual replies to 1 d4 } 1. d4 g6 2. h4 Nf6 3. h5 ( 3. Bg5 Bg7 4. Nc3 h6
5. Bf4 d6 6. Qd2 Nbd7 7. e4 e5 8. dxe5 dxe5 9. Bg3 O-O 10. O-O-O Qe7 11. Nf3 c6
12. Kb1 Nc5 13. Qe1 Bg4 14. Bxe5 Rad8 15. Rxd8 Rxd8 16. Bd4 Bxf3 17. Bxc5 Qxc5
{ Clarke,T  ( 2128 ) -Meyer,G  ( 2175 ) /Edinburgh 2003/CBM 095 ext/0-1  ( 33
)}  )3... Nxh5 4. e4 d5 { Black threatens to win material: d5xe4}  5. Nc3 $146
{ White threatens to win material: Nc3xd5}  ( 5. exd5 Qxd5 6. Nc3 Qd8 7. Bc4
Nf6 8. Bg5 Bg7 9. Qd2 a6 10. Nf3 b5 11. Bb3 Nc6 12. Ne5 Nxe5 13. dxe5 Qxd2+ 14.
Kxd2 b4 15. exf6 bxc3+ 16. Kxc3 exf6 17. Rhe1+ Be6 18. Bf4 Ke7 19. Re2 Rhd8 {
David,A  ( 2455 ) -Kantsler,B  ( 2495 ) /Tel Aviv 1997/CBM 059/0-1  ( 163 )} 
)5... Nf6 6. exd5 ( 6. e5 Nh5 $14 )6... Nxd5 { Black has a cramped position} 
7. Bc4 { White threatens to win material: Bc4xd5}  7... c6 { Black is behind in
developement}  8. Qf3 Be6 9. Nh3 { White has a very active position}  9... Nc7
10. Bd3 ( 10. Qd3 Nba6 11. a3 Bxc4 12. Qxc4 Bg7 $15 )10... Qxd4 $15 11. Nf4 (
11. Be3 Qg4 12. Qxg4 Bxg4 $17 )11... Bg7 $17 12. Rh4 ( 12. Be3 Qb4 13. Bd2 Qxb2
$19 )12... Qf6 13. Nxe6 Nxe6 ( 13... fxe6 $6 14. Qh3 Nd7 15. Be3 $15 )14. Qh3
Nd7 15. Be3 O-O-O 16. a4 $2 ( 16. Ra4 $5 $17 $142)16... h5 17. a5 Bh6 ( 17...
Kb8 18. Be2 $19 )18. a6 ( 18. Bxa7 Nf4 19. Rxf4 Bxf4 $19 )18... b6 19. Rc4 (
19. O-O-O $19)19... Bxe3 $4 { stumbles just before the finish line}  ( 19...
Ne5 $142 { and Black has reached his goal}  20. Ne4 Qg7 $19 )20. Rxc6+ $11 Kb8
{ Black has a mate threat}  21. Qxe3 Rc8 ( 21... Rhf8 22. Bxg6 Qe5 23. Rxb6+
axb6 24. a7+ Kc7 25. Be4 $11 )22. Rxc8+ $11 Rxc8 ( 22... Kxc8 23. O-O-O Nc7 $11
)23. Rd1 ( 23. O-O-O Ne5 24. Nd5 Qg5 ( 24... Nxd3+ $2 { is a blank shot}  25.
Rxd3 Qg5 26. Qxg5 Nxg5 27. Nxe7 $18 )25. Qxg5 Nxg5 26. Nxe7 Re8 $14 )23... Nec5
( 23... Ndc5 $5 $17 $142)24. Be2 Qe6 $4 { there were better ways to keep up the
pressure}  ( 24... Ne5 $11 $142 { would keep Black alive} )25. b4 ( 25. Qxe6 $5
$142 fxe6 26. b4 g5 $18 )25... Qxe3 26. fxe3 Ne6 27. Rxd7 Rxc3 28. Rb7+ Kc8 29.
Rxa7 Nc7 30. Rb7 ( 30. b5 $142 Rxe3 31. c4 $18 )30... Rxe3 $2 ( 30... b5 31.
Rb6 Ra3 32. Bxb5 Nxb5 33. Rxb5 Rxa6 34. Rc5+ Kb7 35. Re5 $14 )31. Kd2 ( 31.
Rxb6 $5 { keeps an even firmer grip}  31... Nd5 32. Rc6+ Kb8 $18 )31... Re6 (
31... Re5 $5 32. Rxb6 Rd5+ 33. Kc1 Rd6 34. Rxd6 exd6 $16 )32. b5 $18 Rd6+ 33.
Kc1 e5 34. c4 $4 { weakening the position}  ( 34. Bf3 $142 { a pity that White
didn't try this}  34... Nxb5 35. c4 $18 )34... f5 35. c5 ( 35. g3 $5 $11 $142 {
should not be overlooked} )35... bxc5 $17 36. b6 ( 36. g3 Nd5 $15 )36... Na8
37. Re7 Nxb6 38. a7 Rd7 39. Re6 Na8 ( 39... Rxa7 $6 40. Rxb6 Ra1+ 41. Kd2 $15
)40. Ba6+ $2 ( 40. Rxg6 $5 $142 Rxa7 41. Rg5 $17 )40... Kd8 $19 41. Rxg6 Rxa7
42. Rg8+ ( 42. Bd3 e4 43. Bb1 e3 44. Bxf5 Nc7 $19 )42... Kc7 43. Be2 Kd6 44.
Rg6+ ( 44. Rd8+ Ke6 45. Bc4+ Kf6 46. Rf8+ Kg5 $19 )44... Kd5 45. Bxh5 e4 (
45... Nc7 { seems even better}  46. g4 f4 47. Rg7 $19 )46. Kd2 ( 46. Rg5 Ke6
$19 )46... f4 ( 46... Ra2+ $142 { might be the shorter path}  47. Ke1 $19 )47.
Rg8 ( 47. Rg4 Ra2+ 48. Kc3 Ra3+ 49. Kb2 $19 )47... Nb6 48. Rb8 ( 48. Kc3 { does
not help much}  48... Ra3+ 49. Kd2 Nc4+ 50. Kc2 Kd4 51. Rd8+ Ke3 $19 )48...
Ra2+ ( 48... Nc4+ { and Black can already relax}  49. Ke1 Kd4 50. Kf2 Ra2+ 51.
Kg1 $19 )49. Kc1 ( 49. Ke1 { is no salvation}  49... Ra1+ 50. Ke2 Nc4 51. Bf7+
Kd4 52. Rd8+ Kc3 $19 )49... Nc4 50. Bf7+ ( 50. Rd8+ { doesn't change anything
anymore}  50... Ke5 51. Bf7 Ra1+ 52. Kc2 Nd6 $19 )50... Kd4 51. Kb1 ( 51. Bxc4
{ is the last straw}  51... Kxc4 52. Rf8 $19 )51... Rxg2 ( 51... Rxg2 52. Rc8
f3 $19 ) 0-1

[Event "SA Championship"]
[Site "Adelaide"]
[Date "2006.04.04"]
[Round "8.2"]
[White "Riches, L John"]
[Black "Guthrie, Aaron"]
[Result "0-1"]
[Annotator "Fritz 9"]
[BlackElo "2120"]
[EventCountry "AUS"]
[EventDate "2006.02.14"]
[EventRounds "9"]
[EventType "tourn"]
[PlyCount "56"]
[WhiteElo "1939"]

{ A57: Benko/Volga Gambit } 1. d4 Nf6 2. c4 c5 3. d5 b5 4. cxb5 a6 5. f3 axb5 6.
e4 Qa5+ 7. Bd2 b4 8. Na3 d6 ( 8... e6 9. Nc4 Qc7 10. Bg5 Ba6 11. Nh3 Bxc4 12.
Bxc4 Bd6 13. Qb3 exd5 14. exd5 Be5 15. O-O-O O-O 16. Rhe1 d6 17. Rxe5 dxe5 18.
Bxf6 gxf6 19. d6 Qd7 20. f4 Nc6 21. Qg3+ Kh8 22. Qh4 Qf5 23. g4 { Volkov,S  (
2605 ) -Khalifman,A  ( 2645 ) /Samara 1998/CBM 067/0-1  ( 46 )}  )9. Nb5 Nbd7
$146 ( 9... g6 10. Bc4 ( 10. a4 Bg7 11. b3 O-O 12. Ra2 Nbd7 13. Ne2 Ba6 14. Nc1
Rfb8 15. Na3 Bxf1 16. Rxf1 Nb6 17. Rc2 Nfd7 18. Nd3 Qa6 19. Nb5 Rc8 20. Qc1
Nxa4 21. bxa4 Qxa4 22. Nxd6 exd6 23. Bxb4 Qxc2 24. Qxc2 cxb4 {
Astrup,H-Pedersen,O  ( 2111 ) /Gausdal 2004/CBM 102 ext/1/2-1/2}  )10... Nbd7
11. a4 Bg7 12. b3 O-O 13. Rc1 Nb6 14. Bd3 Nfd7 15. f4 Ba6 16. Qe2 Rfc8 17. Nf3
c4 18. Bxc4 Nxc4 19. bxc4 Qxa4 20. e5 Bxb5 21. cxb5 Rxc1+ 22. Bxc1 dxe5 23.
fxe5 Qa1 24. O-O { Jankovits,I  ( 2020 ) -Medic,M  ( 2285 ) /Zalakaros
1994/TD/0-1  ( 35 )}  )( 9... Ba6 10. a4 $11 )10. Nh3 ( 10. a3 e6 11. dxe6 fxe6
$11 )10... g6 11. Nf2 Bg7 12. Be2 O-O 13. O-O Ba6 { Black threatens to win
material: Ba6xb5}  14. a4 { White has a new passed pawn: a4}  14... Nh5 15. Rb1
Be5 16. g3 { Covers f4}  16... Bg7 17. b3 { White has a new protected passed
pawn: a4}  17... Rfb8 18. Rc1 Bxb5 ( 18... Nhf6 19. f4 $11 )19. Bxb5 ( { Not }
19. axb5 Bd4 $17 )19... Rxb5 20. axb5 Qxb5 { White wins the exchange.}  21. g4
{ White threatens to win material: g4xh5}  21... Nhf6 22. Ra1 ( 22. Be3 Ne8 $11
)22... Ra3 23. Rxa3 ( 23. Rb1 $5 $11 { is worth consideration} )23... bxa3 $17
24. Qc2 ( 24. Qb1 $5 $142 h5 25. Bc3 hxg4 26. Qa2 gxf3 27. Qxa3 Nxe4 28. Bxg7
Nxf2 29. Rxf2 Kxg7 30. Qa4 $17 )24... Ne5 $19 25. Bc3 $4 { an oversight. But
White was lost anyway.}  ( 25. Qd1 Nfd7 26. Bc3 Nxg4 27. Nxg4 Bxc3 28. Qc2 $19
)25... Nxf3+ 26. Kg2 Nxh2 $3 { Demolishes the pawn shield}  27. Ra1 ( 27. Kxh2
{ A deflection}  27... Qxf1 )27... Nhxg4 ( 27... Nfxg4 $142 { secures the
point}  28. Qd3 Qxd3 29. Nxd3 Bxc3 30. Rxa3 $19 )28. Rxa3 ( 28. Nd1 { what
else?}  28... Qa6 29. Ra2 $19 )28... Ne3+ ( 28... Ne3+ 29. Kf3 Nxc2 30. Ra8+
Bf8 $19 ) 0-1

[Event "SA Championship"]
[Site "Adelaide"]
[Date "2006.04.04"]
[Round "8.4"]
[White "Mdinaradze, Edgar"]
[Black "Zaric, Srboljub"]
[Result "0-1"]
[Annotator "Fritz 9"]
[BlackElo "2129"]
[EventCountry "AUS"]
[EventDate "2006.02.14"]
[EventRounds "9"]
[EventType "tourn"]
[PlyCount "106"]
[WhiteElo "1915"]

{ D45: Semi-Slav: 5 e3 } 1. d4 d5 2. c4 e6 3. Nf3 c6 4. e3 Nf6 5. Qc2 Nbd7 6.
Nc3 Bd6 7. cxd5 exd5 8. Bd3 ( 8. Nh4 g6 9. g3 O-O 10. Bg2 Re8 11. O-O Bf8 12.
Bd2 Nb6 13. Rad1 Nc4 14. Bc1 Nd6 15. Rfe1 Bg7 16. Na4 Nfe4 17. f3 Nxg3 18. hxg3
g5 19. e4 dxe4 20. fxe4 gxh4 21. e5 hxg3 22. Rf1 Qh4 { Dzuban,O  ( 2415 )
-Smagin,S  ( 2355 ) /Barnaul 1984/MCD/0-1}  )8... Nf8 9. h3 $146 { Controls g4}
 ( 9. Bd2 Ng6 10. O-O-O Qc7 11. Rde1 O-O 12. h4 b5 13. Ng5 b4 14. Na4 Re8 15.
f3 Bg3 16. Re2 a5 17. Nc5 Nf8 18. e4 dxe4 19. fxe4 Bg4 20. Re3 Bf2 21. Bc4 Bxe3
22. Bxe3 Re7 23. Nd3 h6 { Gnidenko,A  ( 2038 ) -Kotov,D  ( 2179 ) /St
Petersburg 2005/CBM 106 ext/1-0  ( 51 )}  )9... Ne6 10. Bd2 c5 11. Nb5 Be7 12.
dxc5 Nxc5 13. Bc3 Nxd3+ 14. Qxd3 a6 15. Bxf6 Bxf6 16. Nbd4 { The knight feels
good on d4}  16... Qb6 17. O-O O-O ( 17... Qxb2 $4 { a poisoned pawn}  18. Rfb1
Qxa1 19. Rxa1 $18 )18. Qd2 Bd7 19. Rfd1 Rfd8 20. Rac1 g6 { Consolidates f5} 
21. Rc3 Rac8 22. Rd3 Bg7 23. Rc3 Rxc3 24. Qxc3 Bf5 25. Qd2 Be4 26. Ng5 h6 27.
Nxe4 dxe4 28. Qc3 Kh7 29. b3 f5 30. Qc4 Qd6 31. Rd2 b5 { Black threatens to win
material: b5xc4}  32. Qf7 Qd7 33. Qxd7 Rxd7 34. g3 Rd6 35. Kf1 Bxd4 ( 35... b4
36. Ke2 $15 )36. exd4 { A rook endgame occured}  36... Kg7 37. Ke2 Kf6 38. Ke3
( 38. Rc2 Rxd4 39. Rc6+ Kg5 40. Rxa6 Rd8 $11 )38... Rc6 $17 39. d5 Rc3+ 40. Kd4
{ White threatens to win material: Kd4xc3}  40... Rc1 41. h4 h5 42. d6 { Black
has to watch this pawn}  ( 42. a3 $5 $15)42... Ke6 $17 43. f3 exf3 44. Ke3 Rc3+
45. Kf4 Kd7 46. Rf2 $2 ( 46. Ke5 $19 $142)46... Kxd6 47. Kg5 ( 47. Rd2+ Kc5 48.
Rb2 $19 )47... Ke5 48. Kxg6 Ke4 49. Kxh5 ( 49. Rf1 { does not win a prize} 
49... Rc8 50. Kxh5 Rg8 $19 )49... Ke3 ( 49... Rc1 { keeps an even firmer grip} 
50. Kg5 Ke3 51. Rh2 $19 )50. Rb2 ( 50. Rf1 { a fruitless try to alter the
course of the game}  50... Ke2 51. Rb1 f2 $19 )50... f2 51. Rb1 Kf3 52. Kg5 (
52. Kg6 { doesn't get the bull off the ice}  52... Kg4 $19 )52... Kxg3 ( 52...
Rc5 { makes it even easier for Black}  53. Kf6 Kxg3 54. b4 $19 )53. Kxf5 Rf3+ (
53... Rf3+ 54. Ke4 f1=Q 55. Rxf1 Rxf1 $19 ) 0-1

[Event "SA Championship"]
[Site "Adelaide"]
[Date "2006.04.04"]
[Round "8.5"]
[White "Cowley, Robert G"]
[Black "Stevens, Tristan"]
[Result "1-0"]
[Annotator "Fritz 9"]
[BlackElo "1855"]
[EventCountry "AUS"]
[EventDate "2006.02.14"]
[EventRounds "9"]
[EventType "tourn"]
[PlyCount "55"]
[WhiteElo "2091"]

{ A29: English Opening: Four Knights Variation with 4 g3 } 1. c4 e5 2. Nc3 Nf6
3. Nf3 Nc6 4. g3 Bc5 5. Bg2 d6 6. O-O Be6 7. d3 e4 $146 { Black threatens to
win material: e4xf3}  ( 7... h6 8. a3 ( 8. h3 Qd7 9. Kh2 g5 10. Ne1 O-O-O 11.
a3 Rdg8 12. Nd5 Rg6 13. e3 h5 14. b4 Bb6 15. a4 a5 16. Nxb6+ cxb6 17. bxa5 bxa5
18. Rb1 h4 19. g4 Bxg4 20. hxg4 Nxg4+ 21. Kh1 h3 22. Bf3 Rh4 {
Bukhalaf,E-Saleem,K/Moscow 1994/CBM 044 ext/0-1  ( 35 )}  )8... a5 9. Bd2 Qd7
10. Re1 O-O 11. Na4 Bh3 12. Nxc5 dxc5 13. Bh1 a4 14. Bc3 Rfe8 15. Nd2 Ra6 16.
Nf1 Na5 17. Qc2 Nb3 18. Rad1 Rd6 19. Nd2 Nd4 20. Qc1 b6 21. Bxd4 exd4 22. Ne4 {
Gruber,S-Rethy,P/Budapest 1931/HCL/0-1  ( 77 )}  )( 7... a6 8. h3 Qd7 9. Kh2 h5
10. e4 h4 11. Nxh4 O-O-O 12. Nd5 Rxh4 13. gxh4 Rh8 14. Bg5 Ng8 15. f4 f6 16. f5
Bf7 17. Bd2 Rxh4 18. b4 Bd4 19. Rb1 Nge7 20. Ne3 Bxe3 21. Bxe3 Nd4 22. b5 {
Moranda,W  ( 2453 ) -Alsina Leal,D  ( 2322 ) /Belfort 2005/CBM 107 ext/1-0  (
40 )}  )( 7... Qd7 8. a3 a6 9. Ng5 h6 10. Nxe6 fxe6 11. b4 Bd4 12. Bd2 O-O 13.
e3 Ba7 14. Qb3 Rab8 15. a4 a5 16. b5 Nb4 17. Na2 c5 18. Bxb4 cxb4 { 1/2-1/2
Kloss,H-Stirmlinger,J/Bellheim 1994/GER}  )( 7... Bb6 8. Be3 $11 )8. Ng5 e3 $2
( 8... exd3 $5 $142 { has some apparent merit}  9. Qxd3 O-O $14 )9. Bxe3 ( 9.
fxe3 Bb6 10. d4 Bd7 $18 )9... Bxe3 $16 10. fxe3 Ng4 $2 ( 10... O-O $16 $142)11.
Nxe6 $18 fxe6 12. Qa4 ( 12. Qb3 $142 { and White is on the road to success} 
12... Rb8 13. c5 $18 )12... Qd7 $16 13. Bxc6 bxc6 14. Nd1 ( 14. c5 Nxe3 15. Rf3
Nf5 $18 )14... h5 15. c5 d5 16. h3 Nf6 17. Nf2 O-O 18. Qh4 ( 18. Qd4 Qf7 $16
)18... e5 19. d4 { White threatens to win material: d4xe5}  ( 19. g4 Rab8 20.
b3 hxg4 21. hxg4 Qe8 $16 )19... Rfe8 { Black intends e4}  ( 19... Qe6 $5 $11 {
deserves consideration} )20. Rae1 $14 Rab8 21. b3 e4 { This push gains space} 
( 21... Qe7 22. Kg2 e4 23. Nd1 $16 )22. Nd1 ( 22. g4 hxg4 23. hxg4 Nh7 $16
)22... Re6 ( 22... Rf8 23. Rf4 $16 )23. Rf5 $16 Rf8 24. Ref1 Qd8 25. Qg5 Kh7
26. Re5 Qe8 $4 { the position is going down the drain}  ( 26... Re7 $16
$142)27. Qf5+ $18 g6 ( 27... Kg8 { praying for a miracle}  28. Qxe6+ Qxe6 29.
Rxe6 Rc8 $18 )28. Qxe6 ( 28. Qxe6 Qxe6 29. Rxe6 $18 )( 28. Rxe6 $6 gxf5 29.
Rxe8 Nxe8 $16 ) 1-0

[Event "SA Championship"]
[Site "Adelaide"]
[Date "2006.04.11"]
[Round "9.1"]
[White "Stevens, Tristan"]
[Black "Goldsmith, Alan D"]
[Result "1-0"]
[Annotator "Fritz 9"]
[BlackElo "2059"]
[EventCountry "AUS"]
[EventDate "2006.02.14"]
[EventRounds "9"]
[EventType "tourn"]
[PlyCount "93"]
[WhiteElo "1855"]

{ C00: French: Unusual White 2nd moves } 1. e4 d5 2. d4 e6 3. Be3 dxe4 4. f3 Nf6
5. Nd2 Nd5 6. Qe2 Nc6 ( 6... exf3 7. Ngxf3 Nxe3 8. Qxe3 Be7 9. Bd3 Nd7 10. O-O
O-O 11. Ne4 c5 12. Nfg5 h6 13. Nh7 Kxh7 14. Ng5+ Kg8 15. Qe4 Nf6 16. Rxf6 Qxd4+
17. Rf2 Qxe4 18. Nxe4 f5 { 0-1 Spanton,T  ( 2147 ) -Giddins,S  ( 2376 ) /Port
Erin 1999/CBM 074}  )7. c3 Be7 $146 ( 7... exf3 8. Ngxf3 Be7 ( 8... Nxe3 9.
Qxe3 Bd6 10. Bd3 Ne7 11. O-O Nd5 12. Qf2 O-O 13. Rae1 b6 14. Ne5 Bxe5 15. dxe5
Nxc3 16. Bxh7+ Kxh7 17. bxc3 g6 18. Ne4 Kg7 19. Qf4 Bb7 20. Nf6 Qe7 21. Qh4
Qc5+ 22. Kh1 Rh8 23. Qf4 { Zamarbide Ibarrea,D-Strunsky,A/Peniscola 2002/CBM
090 ext/1-0  ( 32 )}  )9. Qf2 Bf6 ( 9... O-O 10. Bd3 e5 11. O-O Nxe3 12. Qxe3
exd4 13. cxd4 Bf6 14. Nb3 Re8 15. Qf4 Qd6 16. Rae1 Bd7 17. Ne5 Nxe5 18. dxe5
Rxe5 19. Rd1 Qe7 20. Nd2 Qc5+ 21. Kh1 Qe3 22. Qxe3 Rxe3 23. Nc4 Re7 24. b3 {
Soikkeli,R-Ryan,J  ( 2328 ) /Cork 2005/CBM 105 ext/0-1  ( 37 )}  )10. Ne4 a6
11. Rd1 Qe7 12. Bd3 b6 13. Bd2 Na5 14. b4 Nb7 15. a3 b5 16. O-O Nd6 17. Nc5 Nb7
18. Ne4 Nd6 19. Rde1 Nxe4 20. Bxe4 Bb7 21. a4 h6 22. Qe2 { Reuter,P-Guenthner,O
 ( 2280 ) /Baden 1992/GER/1-0}  )( 7... exf3 8. Ngxf3 Bd6 9. g3 $15 )8. fxe4
Nxe3 9. Qxe3 { Black has the pair of bishops}  9... Bg5 { Black threatens to
win material: Bg5xe3}  10. Qf2 Bxd2+ 11. Kxd2 f5 ( 11... O-O $5 12. Kc2 e5 $15
)12. exf5 $11 O-O 13. Bc4 { White pins: Bc4xe6}  ( 13. Kc2 Rxf5 14. Nf3 e5 15.
dxe5 Be6 $11 )13... Kh8 ( 13... b5 14. Bb3 Na5 15. Nf3 Nxb3+ 16. axb3 $11 )14.
Nf3 ( 14. Kc2 Rxf5 15. Nf3 e5 $11 )14... e5 15. g4 ( 15. Kc1 exd4 16. g4 dxc3
17. bxc3 Qf6 $15 )15... e4 $15 16. Nh4 Ne5 { Black threatens to win material:
Ne5xc4}  17. Be2 c5 ( 17... Nxg4 18. Qg3 Nh6 19. Rhg1 $15 )18. Kc2 $11 { White
king safety improved}  18... Nc6 ( 18... Nd3 $142 { and Black can hope to
survive}  19. Qg3 cxd4 $14 )19. d5 $16 Qxd5 20. Rad1 Qf7 21. Qxc5 Re8 22. Bc4
Qf6 23. Ng2 Ne5 24. Bb5 Nd3 ( 24... Rf8 25. Ne3 a6 26. Bc4 $18 )25. Bxd3 ( 25.
Qd4 $5 $142 { and White can already relax}  25... Qxd4 26. cxd4 Rf8 27. Bxd3
exd3+ 28. Kxd3 g6 $18 )25... exd3+ 26. Rxd3 b6 $2 ( 26... Re2+ $142 27. Rd2
Rxd2+ 28. Kxd2 Bd7 $18 )27. Qd5 Ba6 28. Re3 Red8 29. Qe6 Qg5 ( 29... Bb7 30.
Qxf6 gxf6 31. Rg1 Bxg2 32. Rxg2 $18 )30. Rhe1 h5 31. h3 Bb7 32. R1e2 Bd5 33.
Qe7 ( 33. Qe5 $5 { makes it even easier for White}  33... a5 34. a4 b5 $18
)33... Qxe7 34. Rxe7 Bf3 35. Rf2 Bd1+ ( 35... hxg4 36. hxg4 Re8 $18 )36. Kc1
Rd3 ( 36... hxg4 { there is nothing better in the position}  37. hxg4 Ba4 $18
)37. Nf4 Rd6 38. Ng6+ ( 38. Nxh5 $5 { keeps an even firmer grip}  38... Ba4 39.
b3 Re8 40. Rxa7 Bd7 $18 )38... Kg8 ( 38... Kh7 { is no salvation}  39. g5 Ba4
40. b3 $18 )39. g5 { White plans f6}  ( 39. b3 $5 { might be the shorter path} 
39... hxg4 40. hxg4 Rc8 $18 )39... Ba4 40. b3 Be8 ( 40... Rxg6 { doesn't change
anything anymore}  41. fxg6 Be8 $18 )41. f6 ( 41. Ne5 $142 { and White wins} 
41... Kf8 42. f6 gxf6 43. gxf6 Rxf6 44. Rxe8+ ( 44. Rxf6+ $6 Kxe7 45. Rf1 Rd8
$16 )44... Rxe8 45. Rxf6+ Kg7 46. Rf5 $18 )41... gxf6 42. gxf6 Bf7 ( 42... Bxg6
43. Rg7+ Kf8 44. Rxg6 Rc8 $18 )43. Ne5 Bd5 ( 43... Be8 { is the last straw} 
44. Rc7 Rxf6 45. Rxf6 Rd8 $18 )44. Rg7+ { White prepares f7}  ( 44. Rg2+ $1
Bxg2 45. Rg7+ Kf8 46. Ng6+ Ke8 47. f7+ Kd7 48. f8=Q+ Kc6 49. Qxa8+ Kc5 50. Qc8+
Rc6 51. Qf8+ Rd6 52. Qf5+ Rd5 53. Rc7+ Kb5 54. a4+ Ka6 55. Qc8+ Ka5 56. Rxa7#
)44... Kf8 $18 45. Ng6+ ( 45. Rfg2 Rc6 46. Rh7 Rxf6 47. Nd7+ Ke8 48. Nxf6+ Kf8
49. Nxd5 Re8 50. Nf6 Re1+ 51. Kd2 Re2+ 52. Rxe2 a6 53. Re8# )45... Ke8 46. f7+
( 46. c4 $142 { nails it down}  46... Rc8 47. Rd2 Rd7 48. Rxd7 Kxd7 $18 )46...
Bxf7 47. Rgxf7 ( 47. Rgxf7 Rxg6 48. Rf8+ Ke7 49. Rxa8 $18 ) 1-0